00845nam a22002297a 4500999001700000003000900017008004100026040007100067082001700138100003300155245008700188260004400275300004400319505002600363650001900389650001900408650003200427700003600459942001600495945000800511952009600519 c20934d20934AR-CdUCM190608b ||||| |||| 00| 0 spa d aMUNICIPALIDAD PROVINCIAL DEL CUSCOcBIBLIOTECA MUNICIPAL DEL CUSCO a808.3 /bN25 aNaranjo Freire, Flor Viviana aAlas blancas en arpegios de delfines :bUna súplica para la vida ¡escuchalos! / aEcuador :bCreadores gráficos,c2006. a122 páginas ;bIlustraciones,c22 cm. aContenido : Poemario. aLiteratura983 aPoemario91041 aEducación primario943675 aFreire Neira, Flor Maria943676 2ddccLIBROS arcc 002ddc4070aSIbSIcCHILDd2019-06-12g25.00o808.3 / N25pSI00004613r2019-06-12yLIBROS